000 00874nas a2200289 4500
001 BR2014004826
003 BR-BrBNA
005 20231205124336.0
007 ta
008 230509b bl.|||p| |||| 00| 00por d
040 _aBR-BrBNA
_bpor
_cBiblioteca Nacional de Agricultura
041 _a(En)
072 _aH60
100 1 _aSantos, G.
100 1 _aOliveira Junior, R.S.
100 1 _aConstantin, J.
100 1 _aFrancischini, A.C.
100 1 _aOsipe, J.B.
245 1 _aMultiple resistance of conyza sumatrensis to chlorimuron-ethyl and glyphosate
650 _aERVA DANINHA
650 _aHERBICIDA
650 _aRESISTÊNCIA A PRODUTOS QUÍMICOS
650 _aMÉTODO ESTATÍSTICO
773 0 _tPlanta Daninha (Brazil)
_xISSN 0100-8358
_g(2014), v. 32(2) p. 409-416
_wBR2014004826
909 _a202311
_bLúcia
_c55
_dLúcia Elande
942 _2AGRIS
_n0
_cANA
999 _c238577
_d238577